Statistics for Name a Valid U.S. State #4

Click here to take the quiz!

General Stats

  • This quiz has been taken 1,043 times
    (1,008 since last reset)
  • The average score is 16 of 20

Answer Stats

Name a state ...Valid States% Correct
that is larger than GermanyAlaska | California | Montana | Texas
100%
in the MidwestIllinois | Indiana | Iowa | Kansas | Michigan | Minnesota |
Missouri | Nebraska | North Dakota | Ohio |
South Dakota | Wisconsin
98%
that has hosted the Super Bowl multiple timesArizona | California | Florida | Georgia | Louisiana |
Michigan | Minnesota | Texas
94%
with more than half of the population on islandsHawaii | New York
94%
that borders Washington, D.C.Maryland | Virginia
94%
whose capital is also its largest cityArizona | Arkansas | Colorado | Georgia | Hawaii | Idaho |
Indiana | Iowa | Massachusetts | Mississippi | Ohio |
Oklahoma | Rhode Island | Tennessee | Utah | West Virginia | Wyoming
92%
with more than six bordering statesColorado | Idaho | Iowa | Kentucky | Missouri |
Nebraska | Oklahoma | Tennessee
92%
that has hosted the Winter OlympicsCalifornia | New York | Utah
90%
that has a university in the Ivy LeagueConnecticut | Massachusetts | New Hampshire |
New Jersey | New York | Pennsylvania | Rhode Island
90%
where the Yellowstone National Park is locatedIdaho | Montana | Wyoming
88%
with a hispanic and latino population above 20%Arizona | California | Colorado | Florida | Nevada |
New Mexico | Texas
87%
whose capital has six lettersAlaska | Colorado | Kansas | Massachusetts | Montana |
New York | South Dakota | Texas
86%
that is a swing state in the 2020 election[1]Arizona | Georgia | Florida | Iowa | Michigan | Minnesota |
Nevada | New Hampshire | North Carolina | Ohio |
Pennsylvania | Texas | Wisconsin
85%
on Rio GrandeColorado | New Mexico | Texas
84%
whose flag only has the colors blue, red and whiteArkansas | Hawaii | Ohio | Tennessee | Texas | Wyoming
81%
that existed on January 1st 1788Delaware | New Jersey | Pennsylvania
77%
with more Senators than House RepresentativesAlaska | Delaware | Montana | North Dakota |
South Dakota | Vermont | Wyoming
70%
that lies on the Great DivideColorado | Idaho | Montana | New Mexico | Wyoming
50%
with an unemployment rate above 20%Hawaii | Michigan | Nevada
46%
whose population decreased between 2010 & 2019Connecticut | Illinois | Vermont | West Virginia
42%

Score Distribution

Percentile by Number Answered

Percent of People with Each Score

Your Score History

You have not taken this quiz since the last reset